00969nam a2200241Ia 4500001000600000003000900006008004100015040001300056040001300069041001300082100002700095100002900122245008300151245009700234250001100331260001100342260001100353260004900364300005700413500019400470650003200664650003100696F6087IT-RoPAU130308s9999 xx 000 0 und d aIT-RoPAU cIT-RoPAU aITALIANO aSoumanou Vieyra Paulin gCodice Aut. SPICS: 36310 aRiflessioni di Paulin S. Vieyra, primo regista e pensatore del cinema africano bNascita del Cinema in Africa (La). Il Cinema dell'Africa Sub-Sahariana Dalle Origini al 1975 a1a ed. aTORINO bLindau c1998 [1° Ed.:1998 - Ed.Ling.Originale:1962] a"11 p. (prefazione: no ; testo: 11 [pagine: 29-39])" aEsiste un Cinema Africano? Quando L'Africa Era una Colonia Europea. 1960: Anno dell'Africa. Cammino dell'Africa Verso un Cinema Nazionale. numero di Sale Cinematografiche Nei singoli Paesi. aSTORIA NAZIONALE DEL CINEMA eCodice materia Spics: 6809